000 00899nam a2200241 i 4500
001 188794
003 ES-MaACL
005 20230906223314.0
007 t|
008 190215s1963 sp ||||1| spa d
100 1 _aDemole, Michel.
_9166291
245 1 0 _aCómo interpretar... una prescripción dietética
_b: los regímenes del enfermo / Michel Demole..., A. Brechbuehler-Mutrux..., F. Voegelin... ; versión... del Dr. J.M. Cañadell.
260 _aMadrid :
_bDaimon,
_c[1963]
300 _a135 p., 1 h. pleg. ; 16 cm ;
_c16 cm.
490 1 _aColección Médica Internacional ;
_v11
650 4 _aDietas para enfermos.
_911883
700 1 _aBrechbuehler-Mutrux, A.
_9166292
700 1 _aVoegelin, F.
_9166293
700 1 _aCañadell Vidal, José María.
_934728
830 0 _aColección Médica Internacional ;
_v11
_9183453
852 _aES-MaACL
_jP-488-10
999 _c188794
_d188794